| 000 | 004680000a22001930004500 | ||
|---|---|---|---|
| 001 | 001867 | ||
| 003 | MACL | ||
| 005 | 20150821130021.0 | ||
| 008 | 150821b xxu||||| |||| 00| 0 eng d | ||
| 040 |
_aMACL _cMACL |
||
| 041 | _aEnglish | ||
| 082 | _a610/ZIM | ||
| 100 |
_aZimmer, Henry _96474 |
||
| 245 |
_aThe Science of Hindu Medicine _cHenry Zimmer |
||
| 260 |
_c2000 _bGood Companions, |
||
| 350 | _a350 | ||
| 650 |
_aMedical Science _985 |
||
| 942 |
_k610 _cBK _2ddc |
||
| 999 |
_c13783 _d13783 |
||